Makin lama makin tjinta, Muhammadijah setengah abad, 1912-1962. (Record no. 57277)

MARC details
000 -LEADER
fixed length control field 00652cam a22002291 4500
001 - CONTROL NUMBER
control field sa 64002296
003 - CONTROL NUMBER IDENTIFIER
control field DLC
005 - DATE AND TIME OF LATEST TRANSACTION
control field 20260227112009.0
008 - FIXED-LENGTH DATA ELEMENTS--GENERAL INFORMATION
fixed length control field 890514nuuuuuuuuio ac 000 0 ind
010 ## - LIBRARY OF CONGRESS CONTROL NUMBER
LC control number sa 64002296
035 ## - SYSTEM CONTROL NUMBER
System control number (OCoLC)23537835
040 ## - CATALOGING SOURCE
Original cataloging agency DLC
Transcribing agency MiU
Modifying agency DLC
042 ## - AUTHENTICATION CODE
Authentication code premarc
043 ## - GEOGRAPHIC AREA CODE
Geographic area code a-io---
050 00 - LIBRARY OF CONGRESS CALL NUMBER
Classification number BP63.I5
Item number A5
110 1# - MAIN ENTRY--CORPORATE NAME
Corporate name or jurisdiction name as entry element Indonesia.
Subordinate unit Departemen Penerangan
245 10 - TITLE STATEMENT
Title Makin lama makin tjinta, Muhammadijah setengah abad, 1912-1962.
260 ## - PUBLICATION, DISTRIBUTION, ETC.
Place of publication, distribution, etc. [Djakarta,
Name of publisher, distributor, etc. sambutan 1963]
300 ## - PHYSICAL DESCRIPTION
Extent 239 p.
Other physical details illus., ports., tables.
Dimensions 25 cm.
610 20 - SUBJECT ADDED ENTRY--CORPORATE NAME
Corporate name or jurisdiction name as entry element Muhammadiyah (Organization)
650 #0 - SUBJECT ADDED ENTRY--TOPICAL TERM
Topical term or geographic name entry element Islam
Geographic subdivision Indonesia.

No items available.

Powered by Koha